000
00243nam a22001217a 4500
003
SGT
082
_a
823
_b
MEA
100
_a
MEAD RICHELLE
245
_a
BLOOD PROMISE
260
_a
UK
_b
PENGUIN PUB
_c
2009
300
_a
493
942
_2
ddc
_c
BK
999
_c
33687
_d
33687